000 02880nam a22002057a 4500
003 CUTN
005 20260106162613.0
008 220922b |||||||| |||| 00| 0 eng d
020 _a9789380235479
041 _aEnglish
082 _a635
_bPET
100 _a Peter, K. V.
245 _aThe science of horticulture /
_bVol. 1
260 _aNew Delhi
_bNew India Publishing Agency
_c2011
300 _b426 pages,
_c25cm
505 _t1. Geographical indications and TRIPS Agreement by Latha R. Nair 2. Principles of Hi-Tech horticulture by Patil A.A., Mantur S.M., Biradar, M.S. and Mannikeri, I.M. 3. Science behind tracer studies in horticulture by S.C. Kotur. 4. Principles of Germplasm conservation by S.D. Doijode. 5. Advances in research on male sterility by R.K. Dhall. 6. The polyembryony.the basics by Kundan Kishore. 7. Principles of food irradiation by P.C. Tripathi. 8. History of plant pathology of horticultural crops by Veena Ashok. 9. History of plant breeding with emphasis on vegetables by Peter K.V. and Pradeep Kumar T. 10. Basics in vegetable seed technology by Kanwar J.S. and Geetha Bassi. 11. Use of plant growth promoting Rhizobacteria (PGPR) in vegetable crops by Sadhan Kumar P.G. and Nirmala Devi S. 12. Methodology for gene sequencing in plants by Jayalakshmy V.G. 13. Molecular tools for characterization of horticultural crops by Behera, T.K. and Sabina Islam. 14. Transgenic ornamentals with reduced ethylene production and perception by Shigeru Satoh, Yusuke Kosugi and Takako Narumi. 15. Tuber crops biotechnology by Sheela M.N. and Rajmohan K. 16. Viticulture in the Napa Valley.a farmers perspective by Richard Mendelson and Robert Steinhauer.
520 _a"The Science of Horticulture' exposes all the stake holders-students, scientists, extension officers, farmers, policy planners to recent scientific research findings in horticulture. Marketing of horticulture produces has assumed prime importance in a global market with establishment of World Trade Organisation (WTO). Many trade related agreements were signed among over 110 countries. The Agreement on Trade Related Aspects of Intellectual Property Rights (TRIPS Agreement) specifically represents the resolve of al member countries to use intellectual property as one of the means of achieving economic balance and diminishing the trade barrieThe legislative history elaborates the genesis of TRIPS agreement, General Agreement on Tariffs and Trade (GATT), Madrid Agreement, Chairman's draft, Dunkel draft, general protection under article 22 and certain aspects of TRIPS definition. Malabar Pepper, Alleppy Green Cardamom, Assam Tea, Darjeeling Tea, Nilgiri Tea and Coorge Orange are a few horticultural crops which got registered under Gi appellation. The I is contributed by Latha S. Nair, Intellectual Property Firm, Gurgaon.
690 _aHorticulture
942 _2ddc
_cBOOKS
999 _c38147
_d38147